00812nam a2200229Ia 4500003000400000005001700004008004100021040000700062041000800069082002000077100004400097245007700141260004600218365001400264440000600278650002700284650002200311906007800333942001200411999001900423952014000442OSt20230530115503.0210423s2003 xx 000 0 und d cAL aeng a305.56 CHAD223 aCHANDRA (Ramesh);MITTRA (Sangh)9116640 aDalit identity in the new millennium buddha:a revolutionary and reformer aNew DelhibCommonwealth Publicationc2003 b9500cINR v2 aSocial Classes9116641 aSociology9116642 abuddha:a ; Dalit ; identity ; millennium ; new ; reformer ; revolutionary 2ddccBK c173607d173607 001040708MSWaSACPGbSACPGd2003-02-03eSaraswathi Publisherg9500.00l0o305.56 CHADpPG020218r2022-08-24 00:00:00w2021-04-26yBK